[Event "Titled Tuesday intern op 14th Nov Early"]
[Site "Chess.com INT"]
[Date "2023.11.14"]
[Round "1"]
[White "Larino Nieto, David"]
[Black "Buscar, Michael"]
[Result "1-0"]
[WhiteElo "2366"]
[BlackElo "2041"]
[PlyCount "59"]
[EventDate "2023.11.14"]
[EventType "swiss (blitz)"]
[EventRounds "11"]
[EventCountry "USA"]
[SourceTitle "CB47_2023"]
[SourceDate "2023.11.22"]
[SourceVersion "1"]
[SourceVersionDate "2023.11.22"]
[SourceQuality "1"]

1. e4 c5 2. Nc3 Nc6 3. g3 g6 4. Bg2 Bg7 5. d3 d6 6. f4 Nf6 7. h3 0-0 8. Nf3 Ne8 9. 0-0 Nc7 10. Be3 Ne6 11. g4 Ned4 12. Nh2 b5 13. Qd2 b4 14. Nd1 Qc7 15. c3 bxc3 16. bxc3 Ne6 17. f5 Ned8 18. Bh6 f6 19. Bxg7 Kxg7 20. Ne3 Bb7 21. Nd5 Qd7 22. g5 Ne5 23. d4 cxd4 24. cxd4 Bxd5 25. dxe5 Bc4 26. gxf6+ exf6 27. Rfc1 Rc8 28. Ng4 gxf5 29. Qh6+ Kh8 30. Qxf8+ 1-0

[Event "Titled Tuesday intern op 18th Apr Late"]
[Site "Chess.com INT"]
[Date "2023.04.18"]
[Round "1"]
[White "Kraus, Tomas"]
[Black "Larino Nieto, David"]
[Result "0-1"]
[WhiteElo "2474"]
[BlackElo "2375"]
[PlyCount "74"]
[EventDate "2023.04.18"]
[EventType "swiss (blitz)"]
[EventRounds "11"]
[EventCountry "USA"]
[SourceTitle "EXT 2024"]
[Source "ChessBase"]
[SourceDate "2023.10.10"]
[SourceVersion "1"]
[SourceVersionDate "2023.10.10"]
[SourceQuality "1"]

1. d4 e6 2. c4 b6 3. Nc3 Bb7 4. a3 Nf6 5. d5 c6 6. e4 cxd5 7. exd5 exd5 8. cxd5 Bc5 9. Be2 0-0 10. Nf3 Re8 11. 0-0 a5 12. Bg5 h6 13. Bh4 Na6 14. Nd4 g5 15. Bg3 Nxd5 16. Nxd5 Bxd5 17. Nf5 Be4 18. Nd6 Bxd6 19. Bxd6 Nc5 20. Bc4 Bg6 21. f3 Ne6 22. Qd2 b5 23. Ba2 Qb6+ 24. Kh1 Rac8 25. Rac1 Qd4 26. Qxd4 Nxd4 27. Bc7 b4 28. Bxa5 b3 29. Bb1 Bxb1 30. Rxb1 Rc2 31. Bc3 Nf5 32. Rfe1 Rxe1+ 33. Rxe1 d5 34. Kg1 d4 35. Bb4 Rxb2 36. Re5 Rc2 37. Rxf5 b2 0-1

[Event "Titled Tuesday intern op 18th Apr Late"]
[Site "Chess.com INT"]
[Date "2023.04.18"]
[Round "3"]
[White "Larino Nieto, David"]
[Black "Andreikin, Dmitry"]
[Result "1/2-1/2"]
[WhiteElo "2375"]
[BlackElo "2729"]
[PlyCount "87"]
[EventDate "2023.04.18"]
[EventType "swiss (blitz)"]
[EventRounds "11"]
[EventCountry "USA"]
[SourceTitle "EXT 2024"]
[Source "ChessBase"]
[SourceDate "2023.10.10"]
[SourceVersion "1"]
[SourceVersionDate "2023.10.10"]
[SourceQuality "1"]

1. e4 e6 2. d4 d5 3. Nd2 c5 4. exd5 Qxd5 5. Ngf3 cxd4 6. Bc4 Qd6 7. 0-0 Nf6 8. Nb3 Nc6 9. Nbxd4 Nxd4 10. Qxd4 Qxd4 11. Nxd4 Bd7 12. Bb5 0-0-0 13. Bxd7+ Rxd7 14. Nb3 Bd6 15. f3 Rhd8 16. Be3 Nd5 17. Bf2 b6 18. g3 Rc7 19. c3 h5 20. Rad1 h4 21. Kg2 Be7 22. f4 Rcd7 23. Rde1 Bf6 24. Kf3 g6 25. g4 Ne7 26. Bd4 Bxd4 27. Nxd4 Kb7 28. h3 Nc6 29. Nxc6 Kxc6 30. Rf2 b5 31. g5 Rd3+ 32. Re3 Rxe3+ 33. Kxe3 Rd1 34. Kf3 Kd5 35. Kg4 Rg1+ 36. Kxh4 Ke4 37. Rc2 Rf1 38. c4 bxc4 39. Rxc4+ Kf5 40. Kg3 Rg1+ 41. Kf3 Rf1+ 42. Kg3 Rg1+ 43. Kf3 Rf1+ 44. Kg3 1/2-1/2

[Event "Titled Tuesday intern op 21st Mar Early"]
[Site "Chess.com INT"]
[Date "2023.03.21"]
[Round "9"]
[White "Larino Nieto, David"]
[Black "Kochiev, Ivan"]
[Result "0-1"]
[WhiteElo "2375"]
[BlackElo "2053"]
[PlyCount "126"]
[EventDate "2023.03.21"]
[EventType "swiss (blitz)"]
[EventRounds "11"]
[EventCountry "USA"]
[SourceTitle "EXT 2024"]
[Source "ChessBase"]
[SourceDate "2023.10.10"]
[SourceVersion "1"]
[SourceVersionDate "2023.10.10"]
[SourceQuality "1"]

1. e4 c5 2. Nc3 Nc6 3. g3 g6 4. Bg2 Bg7 5. d3 e6 6. f4 Nge7 7. Be3 Nd4 8. Nce2 Nec6 9. Nc1 d5 10. c3 Nb5 11. Bxc5 Nxc3 12. Qb3 Qa5 13. Be3 Nxe4+ 14. Ke2 Nc5 15. Qc2 b6 16. Nf3 0-0 17. Nb3 Nb4 18. Qd2 Qb5 19. a4 Qxd3+ 20. Qxd3 Nbxd3 21. Nbd4 Ba6 22. Kd1 Nxb2+ 23. Kc2 Nc4 24. Bc1 Rfc8 25. Ra2 Ne4 26. Kb1 Nc3+ 27. Ka1 Nxa2 28. Kxa2 Na5 29. Bb2 Nc6 30. h4 Nxd4 31. Nxd4 Bxd4 32. Bxd4 Rc2+ 33. Kb3 Rxg2 34. h5 Rc8 35. hxg6 fxg6 36. f5 exf5 37. Be5 Re2 38. Bf4 d4 39. a5 bxa5 40. g4 d3 41. g5 d2 42. Rd1 Bc4+ 43. Ka4 Rb8 44. Kxa5 Bb3 45. Rxd2 Rxd2 46. Bxd2 Bd5 47. Bf4 Re8 48. Kb5 Re4 49. Bd6 Rg4 50. Kc5 Rxg5 51. Kxd5 a5 52. Ke5 a4 53. Kf4 Rg4+ 54. Ke5 Re4+ 55. Kf6 h5 56. Kg5 Rg4+ 57. Kh6 h4 58. Be5 h3 59. Bh2 a3 60. Be5 a2 61. Bd6 a1Q 62. Be5 Qc1+ 63. Bf4 Qxf4# 0-1

[Event "Titled Tuesday intern op 21st Mar Early"]
[Site "Chess.com INT"]
[Date "2023.03.21"]
[Round "4"]
[White "Larino Nieto, David"]
[Black "Tsydypov, Zhamsaran"]
[Result "0-1"]
[WhiteElo "2375"]
[BlackElo "2538"]
[PlyCount "72"]
[EventDate "2023.03.21"]
[EventType "swiss (blitz)"]
[EventRounds "11"]
[EventCountry "USA"]
[SourceTitle "EXT 2024"]
[Source "ChessBase"]
[SourceDate "2023.10.10"]
[SourceVersion "1"]
[SourceVersionDate "2023.10.10"]
[SourceQuality "1"]

1. e4 c5 2. Nc3 d6 3. g3 Nc6 4. Bg2 g6 5. d3 Bg7 6. f4 Rb8 7. h3 b5 8. Nf3 e6 9. 0-0 Nge7 10. a3 0-0 11. g4 f5 12. exf5 exf5 13. g5 Be6 14. h4 Bf7 15. h5 gxh5 16. Nh4 Nd4 17. Ne2 Ng6 18. Nf3 Nxe2+ 19. Qxe2 Re8 20. Qf2 b4 21. axb4 Rxb4 22. c3 Rxf4 23. Bxf4 Nxf4 24. Nh4 Be5 25. Kh1 Qxg5 26. Be4 Nxd3 27. Qg2 Qxg2+ 28. Bxg2 f4 29. Rxa7 Bc4 30. Be4 Kf8 31. b3 Bf6 32. Bxh7 Bd5+ 33. Nf3 Ne1 34. c4 Bxf3+ 35. Kh2 Re2+ 36. Kh3 Bg4# 0-1

[Event "Titled Tuesday intern op 21st Mar Early"]
[Site "Chess.com INT"]
[Date "2023.03.21"]
[Round "7"]
[White "Rom, Jasper B"]
[Black "Larino Nieto, David"]
[Result "1-0"]
[WhiteElo "2202"]
[BlackElo "2375"]
[PlyCount "97"]
[EventDate "2023.03.21"]
[EventType "swiss (blitz)"]
[EventRounds "11"]
[EventCountry "USA"]
[SourceTitle "EXT 2024"]
[Source "ChessBase"]
[SourceDate "2023.10.10"]
[SourceVersion "1"]
[SourceVersionDate "2023.10.10"]
[SourceQuality "1"]

1. e4 d5 2. exd5 Qxd5 3. Nc3 Qa5 4. d4 Nf6 5. Nf3 Nc6 6. Bb5 Ne4 7. 0-0 Nxc3 8. Bxc6+ bxc6 9. Qe1 Ba6 10. Bd2 Ne2+ 11. Qxe2 Bxe2 12. Bxa5 Bxf1 13. Kxf1 f6 14. Re1 Kd7 15. Nd2 e6 16. Nc4 Rb8 17. c3 Bd6 18. a4 Rb3 19. Re2 Rhb8 20. g3 c5 21. dxc5 Bxc5 22. Rd2+ Kc6 23. Ke1 Bd6 24. Kd1 Kc5 25. Nxd6 cxd6 26. Bc7 d5 27. Bxb8 Rxb8 28. Kc2 a5 29. f4 e5 30. fxe5 fxe5 31. Rf2 Rb7 32. Rf5 e4 33. Rf8 Re7 34. Rc8+ Kb6 35. Kd2 Kb7 36. Rc5 e3+ 37. Ke2 Re5 38. Rxa5 Kb6 39. Rb5+ Kc6 40. c4 Re4 41. cxd5+ Kd6 42. a5 g5 43. b4 h5 44. a6 Re7 45. Rb7 Re8 46. a7 Ra8 47. b5 Kxd5 48. b6 Ke5 49. Rb8 1-0

[Event "Titled Tuesday intern op 14th Mar Late"]
[Site "Chess.com INT"]
[Date "2023.03.14"]
[Round "3"]
[White "Larino Nieto, David"]
[Black "Daneshvar, Bardiya"]
[Result "0-1"]
[WhiteElo "2375"]
[BlackElo "2535"]
[PlyCount "48"]
[EventDate "2023.03.14"]
[EventType "swiss (blitz)"]
[EventRounds "11"]
[EventCountry "USA"]
[SourceTitle "EXT 2024"]
[Source "ChessBase"]
[SourceDate "2023.10.10"]
[SourceVersion "1"]
[SourceVersionDate "2023.10.10"]
[SourceQuality "1"]

1. e4 Nf6 2. Nc3 d5 3. e5 d4 4. Nce2 Nfd7 5. e6 fxe6 6. Nxd4 Nf6 7. Ndf3 g6 8. Ne5 Bg7 9. Ngf3 0-0 10. d4 c5 11. c3 cxd4 12. Qxd4 Nbd7 13. Bc4 Nxe5 14. Qxd8 Nxf3+ 15. gxf3 Rxd8 16. h4 Kf7 17. Ke2 Bd7 18. Bf4 Bc6 19. Rag1 Bd5 20. Bd3 Bxa2 21. Be5 Rd5 22. f4 Rad8 23. Bb1 Rd2+ 24. Ke3 Bxb1 0-1

[Event "Titled Tuesday intern op 14th Mar Late"]
[Site "Chess.com INT"]
[Date "2023.03.14"]
[Round "1"]
[White "Larino Nieto, David"]
[Black "Fernandez, Maria Florencia"]
[Result "1-0"]
[WhiteElo "2375"]
[BlackElo "2128"]
[PlyCount "55"]
[EventDate "2023.03.14"]
[EventType "swiss (blitz)"]
[EventRounds "11"]
[EventCountry "USA"]
[SourceTitle "EXT 2024"]
[Source "ChessBase"]
[SourceDate "2023.10.10"]
[SourceVersion "1"]
[SourceVersionDate "2023.10.10"]
[SourceQuality "1"]

1. e4 d6 2. Nc3 Nf6 3. g3 g6 4. Bg2 Bg7 5. d3 0-0 6. h3 e5 7. Nge2 Ne8 8. 0-0 Nc6 9. Kh2 f5 10. f4 Nf6 11. Be3 Nh5 12. Qd2 Be6 13. Rf2 Qd7 14. Raf1 exf4 15. Nxf4 Nxf4 16. Bxf4 fxe4 17. Nxe4 Bd4 18. Be3 Rxf2 19. Qxf2 Bxe3 20. Qxe3 Qe7 21. Ng5 Bxa2 22. Qxe7 Nxe7 23. b3 Rf8 24. Ra1 Bxb3 25. cxb3 Rf5 26. Ne6 Rb5 27. Rf1 h5 28. Rf8+ 1-0

[Event "Titled Tuesday intern op 14th Mar Late"]
[Site "Chess.com INT"]
[Date "2023.03.14"]
[Round "11"]
[White "Larino Nieto, David"]
[Black "Melikyan, Gnel"]
[Result "1-0"]
[WhiteElo "2375"]
[BlackElo "2238"]
[PlyCount "85"]
[EventDate "2023.03.14"]
[EventType "swiss (blitz)"]
[EventRounds "11"]
[EventCountry "USA"]
[SourceTitle "EXT 2024"]
[Source "ChessBase"]
[SourceDate "2023.10.10"]
[SourceVersion "1"]
[SourceVersionDate "2023.10.10"]
[SourceQuality "1"]

1. e4 c5 2. Nc3 a6 3. g3 b5 4. Bg2 Bb7 5. d3 e6 6. f4 Nf6 7. Nf3 d5 8. e5 Nfd7 9. 0-0 Nc6 10. a3 Rc8 11. Ne2 g6 12. c3 Be7 13. d4 cxd4 14. cxd4 Nb6 15. b3 a5 16. h3 Ba6 17. Rf2 b4 18. a4 Bf8 19. g4 Ne7 20. Ng3 Qd7 21. Bd2 h5 22. Bf1 Bxf1 23. Qxf1 h4 24. Nh1 Bg7 25. Qd3 Qc6 26. Raf1 Qc2 27. Qxc2 Rxc2 28. Be1 Rc1 29. Rb2 Bh6 30. Bd2 Rc7 31. Rc1 Rxc1+ 32. Bxc1 Kd7 33. Rc2 Bg7 34. Nf2 Kd8 35. Nd3 Nd7 36. Nc5 Nc8 37. Nb7+ Ke7 38. Nxa5 Ncb6 39. Nc6+ Kf8 40. a5 Na8 41. Nxb4 Kg8 42. Rc8+ Kh7 43. Ng5+ 1-0

[Event "Chessable Masters Play In"]
[Site "Chess.com INT"]
[Date "2023.03.13"]
[Round "3"]
[White "Larino Nieto, David"]
[Black "Chigaev, Maksim"]
[Result "0-1"]
[WhiteElo "2375"]
[BlackElo "2632"]
[PlyCount "62"]
[EventDate "2023.03.13"]
[EventType "swiss (rapid)"]
[EventRounds "9"]
[EventCountry "USA"]
[SourceTitle "CBM 213 Extra"]
[Source "ChessBase"]
[SourceDate "2023.05.31"]
[SourceVersion "1"]
[SourceVersionDate "2023.05.31"]
[SourceQuality "1"]

1. e4 c5 2. Nc3 Nc6 3. g3 g6 4. Bg2 Bg7 5. d3 d6 6. f4 e6 7. Nf3 Nge7 8. 0-0 0-0 9. Be3 b6 10. Bf2 Ba6 11. Re1 Qd7 12. a4 Rac8 13. d4 cxd4 14. Nxd4 Rfd8 15. Qd2 Na5 16. Rad1 Nc4 17. Qc1 e5 18. fxe5 Nxe5 19. Ndb5 Bxb5 20. Nxb5 Rc6 21. Nd4 Rcc8 22. Nb5 Ng4 23. Bh3 Be5 24. Bd4 Nc6 25. Bf2 h5 26. Nxd6 Bxd6 27. e5 Ncxe5 28. Rxe5 Qxa4 29. Red5 Nxf2 30. Bxc8 Nxd1 31. Qxd1 Bc5+ 0-1

[Event "Chessable Masters Play In"]
[Site "Chess.com INT"]
[Date "2023.03.13"]
[Round "8"]
[White "Santos Ruiz, Miguel"]
[Black "Larino Nieto, David"]
[Result "1-0"]
[WhiteElo "2591"]
[BlackElo "2375"]
[PlyCount "79"]
[EventDate "2023.03.13"]
[EventType "swiss (rapid)"]
[EventRounds "9"]
[EventCountry "USA"]
[SourceTitle "CBM 213 Extra"]
[Source "ChessBase"]
[SourceDate "2023.05.31"]
[SourceVersion "1"]
[SourceVersionDate "2023.05.31"]
[SourceQuality "1"]

1. e4 h6 2. d4 a6 3. Be3 d6 4. Qd2 Nd7 5. f3 e5 6. Ne2 exd4 7. Nxd4 g6 8. Nc3 Bg7 9. 0-0-0 Ne7 10. g4 b5 11. Kb1 Nb6 12. Rg1 b4 13. Nd5 Nexd5 14. exd5 Bb7 15. Nc6 Bxc6 16. Bxb6 cxb6 17. dxc6 Qf6 18. Qe1+ Kd8 19. Qxb4 Kc7 20. Bc4 Rhe8 21. Bd5 Re2 22. Rge1 Rae8 23. Rxe2 Rxe2 24. c3 Qe5 25. Be4 Qxh2 26. Qc4 Rxb2+ 27. Ka1 b5 28. Qxf7+ Kb6 29. c7 Bxc3 30. c8N+ Ka5 31. Qc7+ Kb4 32. a3+ Kb3 33. Bd5+ Kc2 34. Rc1+ Kxc1 35. Qxc3+ Kd1 36. Qxb2 Qf4 37. Be4 h5 38. gxh5 gxh5 39. Ne7 h4 40. Nd5 1-0